Fractionation of cytosolic proteins on an immobilized heparin column /
保存先:
| 第一著者: | |
|---|---|
| その他の著者: | , |
| フォーマット: | 論文 |
| 言語: | English |
| 主題: | |
| タグ: |
タグ追加
タグなし, このレコードへの初めてのタグを付けませんか!
|
| Thư viện lưu trữ: | Thư viện Trường Đại học Đà Lạt |
|---|
| LEADER | 00899nam a2200301 4500 | ||
|---|---|---|---|
| 001 | DLU090096937 | ||
| 005 | ##20091201 | ||
| 040 | # | # | |a DLU |b eng |
| 041 | # | # | |a eng |
| 044 | # | # | |a us |
| 100 | # | # | |a Shefcheck, Kevin. |
| 245 | # | # | |a Fractionation of cytosolic proteins on an immobilized heparin column / |c Kevin Shefcheck, Xudong Yao, Catherine Fenselau. |
| 653 | # | # | |a Analytical chemistry |
| 653 | # | # | |a Fractionation |
| 653 | # | # | |a Heparin column |
| 653 | # | # | |a Protein |
| 700 | # | # | |a Fenselau, Catherine. |
| 700 | # | # | |a Yao, Xudong. |
| 773 | # | # | |t Analytical Chemistry |g Vol. 75, no. 7 (April 2003), p. 1691-1698 |
| 920 | # | # | |a Phòng Tạp chí -- Trung tâm Thông tin - Thư viện Trường Đại học Đà Lạt |
| 994 | # | # | |a DLU |
| 900 | # | # | |a True |
| 911 | # | # | |a Trương Bảo Trâm Anh |
| 925 | # | # | |a G |
| 926 | # | # | |a A |
| 927 | # | # | |a BB |
| 980 | # | # | |a Thư viện Trường Đại học Đà Lạt |